| 000 | 00586nam a22001577a 4500 | ||
|---|---|---|---|
| 999 |
_c534596 _d534596 |
||
| 020 | _qHard Cover. | ||
| 082 | _a620.5 | ||
| 100 | _aZaidi, Syeda Saman Zehra | ||
| 245 |
_asynthesis and characterization of spinel Ferrites for the Heavy Metal Detection in Liquid Crystal Based Sensor / _cSyeda Saman Zehra Zaidi. |
||
| 260 |
_aIslamabad: _bSCME - NUST, _c2017. |
||
| 300 |
_a51 p. : _bill. ; _c30cm. |
||
| 942 |
_2ddc _cTHE |
||
| 650 |
_aNano Scinece and Engineering MS-Thesis. _928812 |
||
| 700 |
_aDr. Iftikhar Hussain Gul _916197 |
||